Readings in strategic managament / (Record no. 3167)

000 -LEADER
fixed length control field nam a22 a 4500
003 - CONTROL NUMBER IDENTIFIER
control field AKMAL
005 - DATE AND TIME OF LATEST TRANSACTION
control field 20170519160057.0
008 - FIXED-LENGTH DATA ELEMENTS--GENERAL INFORMATION
fixed length control field 170519s1984 -us 00 eng d
020 ## - INTERNATIONAL STANDARD BOOK NUMBER
International Standard Book Number 0256031215 (pbk.)
040 ## - CATALOGING SOURCE
Original cataloging agency AKMAL
Transcribing agency AKMAL
082 04 - DEWEY DECIMAL CLASSIFICATION NUMBER
Classification number 658.4 THO
090 20 - LOCALLY ASSIGNED LC-TYPE CALL NUMBER (OCLC); LOCAL CALL NUMBER (RLIN)
Classification number (OCLC) (R) ; Classification number, CALL (RLIN) (NR) 658.4
Local cutter number (OCLC) ; Book number/undivided call number, CALL (RLIN) THO
100 1# - MAIN ENTRY--PERSONAL NAME
Personal name Thompson, Arthur A.,
Dates associated with a name 1940-
9 (RLIN) 6159
245 10 - TITLE STATEMENT
Title Readings in strategic managament /
Statement of responsibility, etc. Arthur A. Thompson, A.J. Strickland, William E. Fulmer
260 ## - PUBLICATION, DISTRIBUTION, ETC.
Place of publication, distribution, etc. Plano, Texas :
Name of publisher, distributor, etc. Business Publications,
Date of publication, distribution, etc. 1984
300 00 - PHYSICAL DESCRIPTION
Extent xi, 398p. ;
Dimensions 26cm
650 #0 - SUBJECT ADDED ENTRY--TOPICAL TERM
Topical term or geographic name entry element Management
9 (RLIN) 1462
700 1# - ADDED ENTRY--PERSONAL NAME
Personal name Strickland, A. J.
Fuller form of name (Alonzo J.)
9 (RLIN) 6160
700 1# - ADDED ENTRY--PERSONAL NAME
Personal name Fulmer, William E.
9 (RLIN) 6533
942 ## - ADDED ENTRY ELEMENTS (KOHA)
Source of classification or shelving scheme
Koha item type Book
Holdings
Withdrawn status Lost status Source of classification or shelving scheme Damaged status Not for loan Collection code Home library Current library Shelving location Date acquired Inventory number Total Checkouts Full call number Barcode Date last seen Price effective from Koha item type
          NON-FICTION AKMAL Melaka AKMAL Melaka PINJAMAN 19.05.2017 600128   658.4 THO 201704239 19.05.2017 19.05.2017 Book
Pusat Sumber Maklumat Dato' Haji Sarmin Md Hussin, Akademi Kastam Diraja Malaysia, Melaka
Tel: 06-2331106 | Faks: 06-2313787